Normal view
MARC view
Entry Topical Term
001 - CONTROL NUMBER
- control field: 60197
003 - CONTROL NUMBER IDENTIFIER
- control field: OSt
005 - DATE AND TIME OF LATEST TRANSACTION
- control field: 20260423161121.0
008 - FIXED-LENGTH DATA ELEMENTS
- fixed length control field: 260423|| aca||aabn | a|a d
040 ## - CATALOGING SOURCE
- Original cataloging agency: OSt
- Transcribing agency: OSt
150 ## - HEADING--TOPICAL TERM
- Topical term or geographic name entry element: Digital media, Traditional knowledge systems, Cultural heritage, Technology integration, Preservation.
670 ## - SOURCE DATA FOUND
- Source citation: Work cat.: (OSt): Paliwal, Abhinav and Siwach, Kuldeep 60196, Digital media in the context of Indian knowledge systems: Preserving traditional communication in a technological age
